Determinación de la influencia de los trastornos de la melatonina en el desarrollo del envejecimiento cutáneo facial. / (Registro nro. 4214)
[ vista simple ]
| 000 -LEADER | |
|---|---|
| fixed length control field | 01767nam a2200229 4500 |
| 005 - DATE AND TIME OF LATEST TRANSACTION | |
| control field | 20250329165437.0 |
| 008 - FIXED-LENGTH DATA ELEMENTS--GENERAL INFORMATION | |
| fixed length control field | 190415s2021 000 0 eng d |
| 040 ## - CATALOGING SOURCE | |
| Original cataloging agency | CO-CtgCURN |
| Language of cataloging | spa |
| Transcribing agency | coctgcurn |
| 082 0# - DEWEY DECIMAL CLASSIFICATION NUMBER | |
| Classification number | EST 2021 |
| Item number | F356 |
| 100 1# - MAIN ENTRY--PERSONAL NAME | |
| Personal name | Ferias Miranda, Norys María. |
| 245 10 - TITLE STATEMENT | |
| Title | Determinación de la influencia de los trastornos de la melatonina en el desarrollo del envejecimiento cutáneo facial. / |
| Statement of responsibility, etc. | Norys María Ferias Miranda; Arantxa Iriarte Salcedo; asesora: Milena Maria Álvarez Jiménez. |
| 260 ## - PUBLICATION, DISTRIBUTION, ETC. | |
| Place of publication, distribution, etc. | Cartagena de Indias : |
| Name of publisher, distributor, etc. | Corporación Universitaria Rafael Nuñez, |
| Date of publication, distribution, etc. | 2021. |
| 300 ## - PHYSICAL DESCRIPTION | |
| Extent | 44 hojas. |
| 504 ## - BIBLIOGRAPHY, ETC. NOTE | |
| Bibliography, etc. note | Trabajo de grado (Tecnologia en estetica y cosmetologia). Corporación Universitaria Rafael Nuñez. Facultad de Ciencias de la Salud. Tecnologia en estetica y cosmetologia, 2021. |
| 520 ## - SUMMARY, ETC. | |
| Summary, etc. | "La presente investigación se lleva a cabo sobre la influencia de los trastornos de la melatonina en el desarrollo del envejecimiento cutáneo facial teniendo en cuenta que esta es una hormona de gran importancia en el envejecimiento, ya que logra disminuir la oxidación celular y mantener nuestras células sanas durante más tiempo. Por eso, cuando hay una carencia de esta hormona suelen darse casos de insomnio, depresión y también tiende a acelerarse el envejecimiento. " |
| 650 #0 - SUBJECT ADDED ENTRY--TOPICAL TERM | |
| Topical term or geographic name entry element | Estetica y Cosmetologia |
| Form subdivision | Tesis y disertaciones academicas. |
| 700 1# - ADDED ENTRY--PERSONAL NAME | |
| Personal name | Iriarte Salcedo, Arantxa. |
| 700 1# - ADDED ENTRY--PERSONAL NAME | |
| Personal name | Jiménez Álvarez, Milena María, |
| Relator term | asesora. |
| 856 ## - ELECTRONIC LOCATION AND ACCESS | |
| Uniform Resource Identifier | <a href="https://unicurn.sharepoint.com/:b:/s/biblioteca/EasvL8sgvmNNuv9dPy6QmecBxsP1BobC3s0LAxglcMlJ0g?e=PwTzNs">https://unicurn.sharepoint.com/:b:/s/biblioteca/EasvL8sgvmNNuv9dPy6QmecBxsP1BobC3s0LAxglcMlJ0g?e=PwTzNs</a> |
| Public note | Click aqui para ver el recurso en texto completo |
| 942 ## - ADDED ENTRY ELEMENTS (KOHA) | |
| Source of classification or shelving scheme | Dewey Decimal Classification |
| Koha item type | Trabajos de grado |
| Classification part | EST 2021 |
| Item part | F356 |
| Withdrawn status | Lost status | Source of classification or shelving scheme | Damaged status | Not for loan | Collection | Home library | Current library | Shelving location | Date acquired | Source of acquisition | Cost, normal purchase price | Inventory number | Total checkouts | Full call number | Barcode | Date last seen | Price effective from | Koha item type |
|---|---|---|---|---|---|---|---|---|---|---|---|---|---|---|---|---|---|---|
| Dewey Decimal Classification | Trabajos de grado | Miguel Henríquez Emiliani | Miguel Henríquez Emiliani | Trabajo de grado | 06/01/2019 | El autor | 350000.00 | 023630 | EST 2021 F356 | 023630 | 04/15/2019 | 04/15/2019 | Trabajos de grado |